000 02816nab a2200265 i 4500
003 BR-BrBNA
005 20241118152751.0
008 241118b2009 bl.qr|pooa||| 00| 0 por |
040 _aBR-BrBNA
_bpor
072 _aF70
100 _aMelo, José Iranildo Miranda de
100 _aAlves, Marccus
100 _aSemir, João
245 _aPadrões de distribuição geográfica das espécies de Euploca e Heliotropium (Heliotropiaceae) no Brasil
500 _aPublicação on-line; 41 ref.; 2 tables; 2 illus.; Summaries (En, Pt)
520 _a RESUMO (Padrões de distribuição geográfica das espécies de Euploca e Heliotropium (Heliotropiaceae) no Brasil) Baseando-se na análise de espécimes advindos de 71 herbários nacionais e estrangeiros, trabalhos de campo e literatura especializada, foram determinados os padrões de distribuição geográfica das espécies dos gêneros Euploca e Heliotropium no Brasil. Foram detectados quatro padrões de distribuição geográfica e onze padrões biogeográficos. O centro de diversidade das espécies de Euploca no Brasil é a Região Nordeste. As espécies do gênero Heliotropium concentram-se, na sua maioria, na Região Sul, com o estado do Rio Grande do Sul representando o centro de diversidade do gênero no país. São apresentadas tabelas, mapas e discussões sobre a distribuição e respectivos padrões biogeográficos reconhecidos. Palavras-chave: Angiospermas, neotrópicos, padrões biogeográficos.
520 _a ABSTRACT (Geographic distribution patterns of species of Euploca and Heliotropium (Heliotropiaceae) in Brazil) Based on an analysis of specimens from seventy-one national and international herbaria, field work and specialized literature, geographic distribution patterns of the species of the genera Euploca and Heliotropium in Brazil were determinate. Four geographic patterns and eleven biogeographic patterns were detected. The center of diversity of Euploca, in Brazil, is in the Northeast region. Species of the genus Heliotropium occur generally in the South region, with the center of diversity of the genus being found in Rio Grande do Sul State. Tables, maps and a discussion about the respective distribution and biogeographic patterns uncovered in this study are presented. Key words: flowering plants, neotropics, biogeography patterns.
650 _aPLANTA ANGIOSPERMA
650 _aBIOGEOGRAFIA
650 _aDISTRIBUIÇÃO GEOGRÁFICA
773 0 _0709
_9346384
_dRio de Janeiro-RJ Jardim Botanico do Rio de Janeiro 1935
_o2024-7053
_tRodriguésia (Brazil)
_x0370-6583; 2175-7860 on-line
_gv. 60(4) p. 1025-1036; (2009)
_wBR2024003596
856 _uhttps://www.scielo.br/j/rod/a/Dq7ZQ8435dNNxYDwK97SXDd/?format=pdf&lang=pt
942 _cANA
999 _c328700
_d328700